00742nam a2200205 a 450000100100000000500170001000800410002702000150006804000250008308200150010824501190012326000420024230000210028449000220030570000410032783000290036804900090039795201130040699900170051900002237420200930011711.0101006s2002 dr 001 0 spa d a8474329825 aDO-SdBNPbspacBNPHU axxxbT269t03aLa televisión en tiempos de guerra :bla onda expansiva de los atentados del 11-S /ccoordinador Paco Lobatón. aBarcelona :bEditorial Gedisa,c2002. a220 p. ;c24 cm.1 aLibertad y cambio1 aLobatón, Pacod1951-ecoor.946147 0aLibertad y cambio931651 aBNPD 0010718PDaPDbPDcCTd2010-10-06iLF1l0oxxx T269tp22374-10r2020-06-25w2020-06-25yLFPDZNo se presta c21872d21872